00431 2200169 4500245004500000020002200045250001100067100001800078700002400096650002000120005001900140260003800159041001400197084001100211300003000222336000900252 aOrang - Orang BiasacAndrea HiratahText a978-602-291-524-9 aCet. 1 aAndrea Hirata aDhewiberta Hardjono aNovel Indonesia a20240131081332 aYogyakartabPenerit Bentangc2019 aIndonesia a808.83 axii, 300 hlm. :c20.5 cm. atext